| 000 | 00470nam a2200157 i 4500 | ||
|---|---|---|---|
| 001 | 50436 | ||
| 003 | ES-MaACL | ||
| 005 | 20230906162159.0 | ||
| 007 | t| | ||
| 008 | 030804s1970 sp ||||1| spa d | ||
| 245 | 0 | 0 |
_aCultura y evolución _b: (actas del congreso de Lausanne IV) / _cpor Louis Daujarques ... [et al.]. |
| 260 |
_a[Madrid : _bSpeiro, _c1970] |
||
| 300 |
_a80 p. ; _c21 cm. |
||
| 700 | 1 |
_aDaujarques, Louis. _942817 |
|
| 852 |
_aES-MaACL _jC-45691 _bR.74055 |
||
| 999 |
_c50436 _d50436 |
||